000 00985nam a2200253 a 4500
005 20210223131025.0
008 090622s2007 mx r 000 0 spa d
020 _a9687381787 (10 dígitos)
020 _a9789687381787 (13 dígitos)
035 _aUPN01000171328
049 _aI
050 4 _aB316
_bR6.7
100 1 _aRoche, Christian
_937829
245 1 0 _aSapiencia y artimañas de Sócrates :
_bel filósofo de la calle /
_cChristian Roche, Jean-Jacques Barrère ; il. Stéphane Blanquet ; tr. Marcela de Aguinaga.
260 _aMéxico :
_bTecolote :
_bA. Michel,
_cc2007.
300 _a173 p. :
_bil.
440 0 _aMaqueta
534 _pTítulo original :
_tSagesses et malices de Socrate, le philosophe de la rue
600 0 4 _aSOCRATES,
_d470-399 A.C. -
_xCRITICA E INTERPRETACION
_919766
650 4 _aFILOSOFIA EN LA LITERATURA
_918340
650 4 _aFILOSOFIA -
_xESTUDIO Y ENSEÑANZA (ELEMENTAL)
_924175
700 1 _aBarrère, Jean-Jacques,
_ecoaut.
905 _aInfantil
999 _c143433
_d143433